HIV /AIDS financing and spending in eastern and Southern africa /
Guardat en:
| Format: | Desconegut |
|---|---|
| Idioma: | English |
| Publicat: |
Pretoria, Sudáfrica :
idasa
|
| Etiquetes: |
Afegir etiqueta
Sense etiquetes, Sigues el primer a etiquetar aquest registre!
|
MARC
| LEADER | 00000 a2200000 04500 | ||
|---|---|---|---|
| 001 | 44488 | ||
| 003 | |||
| 008 | 050630s2008 sa eng d | ||
| 040 | |||
| 020 | |a 978-1-920118-69-3 | ||
| 090 | |a 1004 M953h | ||
| 245 | |a HIV /AIDS financing and spending in eastern and Southern africa / |c edited by Vailet Mukotsanjera | ||
| 260 | |a Pretoria, Sudáfrica : |b idasa | ||
| 300 | |a 243 páginas : |b tablas, gráficos | ||
| 999 | |c 1305 |d 1305 | ||



